Под знаком кванта

Bibliographic Details
Main Author: Пономарев Л. И. Леонид Иванович
Language:Russian
Published: Москва, Наука, 1989
Edition:2-е изд., испр. и доп.
Subjects:
Format: Book
KOHA link:https://koha.lib.tpu.ru/cgi-bin/koha/opac-detail.pl?biblionumber=36113

MARC

LEADER 00000nam0a2200000 4500
001 36113
005 20231101210341.0
010 |a 502014049X 
035 |a (RuTPU)RU\TPU\book\36579 
035 |a BOOK00003231 
090 |a 36113 
100 |a 20011210d1989 km y0rusy50 ca 
101 0 |a rus 
102 |a RU 
105 |a a z 000zy 
200 1 |a Под знаком кванта  |f Л. И. Пономарев 
205 |a 2-е изд., испр. и доп. 
210 |a Москва  |c Наука  |d 1989 
215 |a 368 с.  |c ил. 
606 1 |a Квантовая физика  |2 stltpush  |3 (RuTPU)RU\TPU\subj\42126  |9 61861 
610 1 |a физика 
610 1 |a истоки 
610 1 |a идеи 
610 1 |a итоги 
675 |a 530.145.6  |v 3 
700 1 |a Пономарев  |b Л. И.  |g Леонид Иванович 
801 0 |a RU  |b 63413507  |c 20011210  |g PSBO 
801 2 |a RU  |b 63413507  |c 20140317  |g PSBO 
900 |a Физика 
942 |c BK